| 000 | 00421nam a22001457a 4500 | ||
|---|---|---|---|
| 005 | 20150610171124.0 | ||
| 008 | 150610b xxu||||| |||| 00| 0 eng d | ||
| 037 | _bDPL /Pub | ||
| 245 | _aDivine life | ||
| 260 |
_aUttarakhand _bThe Divine Life Trust Society _c2015 |
||
| 300 |
_av. _c24 cm |
||
| 310 | _aMonthly | ||
| 270 |
_bUttarakhand _e249192 _aPost Office Shivanandanagar,Dt.Tehri Garhwal, |
||
| 942 |
_2ddc _cSR _s1 _mDIV |
||
| 999 |
_c94211 _d94211 |
||